000 00807nam a2200229 i 4500
003 DO-SdBNP
005 20250205115325.0
007 ta
008 230814t1989 dr ad||| |||| 00| 0 spa d
040 _aDO-SdBNP
_bspa
_cBNPHU
_erda
082 4 _axxx
_bR426p
_222
110 1 _aRepública Dominicana.
_bSecretaría de Estado de Educación, Bellas Artes y Cultos
_923965
245 _aPrograma de primer grado integrado educación básica 1989/
246 1 4 _aEducación básica :
_bprimer grado integrado 1989
264 4 _aSanto Domingo :
_bEditora Taller,
_c1989.
300 _a138 páginas :
_bIlustraciones, gráficas ;
_c28 cm.
336 _atexto
_btxt
_2rdacontent
337 _asin mediación
_bnc
_2rdamedia
338 _avolumen
_bnc
_2rdacarrier
590 _aInventariado 2023 / MF
942 _2ddc
_cLBS1
999 _c54403
_d54403